神奈川県の市町村 人口順 - Statistics

General Stats
  • This quiz has been taken 77 times
  • The average score is 28 of 33
Answer Stats
Answer 人口 % Correct
1 横浜市 3,771,063
100%
2 川崎市 1,551,788
100%
3 相模原市 723,586
100%
5 横須賀市 371,241
100%
4 藤沢市 443,757
97%
7 茅ヶ崎市 245,419
97%
10 小田原市 185,926
97%
19 三浦市 39,547
97%
6 平塚市 258,380
95%
11 鎌倉市 170,206
95%
9 厚木市 223,704
93%
8 大和市 244,113
91%
13 海老名市 141,276
91%
17 逗子市 55,488
91%
12 秦野市 160,656
90%
24 二宮町 26,685
88%
16 綾瀬市 82,830
84%
20 南足柄市 39,358
84%
22 大磯町 30,833
83%
25 湯河原町 22,106
83%
15 伊勢原市 101,284
81%
32 真鶴町 6,187
81%
28 箱根町 10,865
79%
14 座間市 131,838
78%
23 葉山町 30,708
78%
30 山北町 9,093
76%
18 寒川町 48,520
74%
29 松田町 10,271
66%
27 大井町 17,264
64%
33 清川村 2,868
64%
21 愛川町 39,185
62%
31 中井町 8,907
62%
26 開成町 18,743
60%
No matching quizzes found
Score Distribution
Percent of People with Each Score
Percentile by Number Answered
Your Score History
You have not taken this quiz